000 00486nam a22001937a 4500
003 MPLRDC
005 20220104114333.0
008 210129b ||||| |||| 00| 0 eng d
020 _a957-8431-65-1
082 _a544.7 GOD
100 _aGREGORY J. P. GODEK
245 _a
_c林望阳译
250 _a初版
260 _a台湾
_b大村文化出版事业有限公司
_c1998
300 _b292
490 _a非常情爱. 9-10
650 _a两性关系
942 _cBK
_o544.7 GOD
999 _c6698
_d6688